000 00202 a2200097 4500
020 _a9781338798234
041 _aspa
100 _aPilkey, Dav
245 _aSupergatito Perspectivas
942 _cLibros/Book
999 _c31981
_d31979